[Event "Quebec op U2000"]
[Site "Montreal CAN"]
[Date "2012.07.27"]
[Round "8"]
[White "Moore, Ronald"]
[Black "Yip, William"]
[Result "1-0"]
[WhiteElo "1713"]
[BlackElo "1561"]
[PlyCount "89"]
[GameId "2160767909442421"]
[EventDate "2012.07.21"]
[EventType "swiss"]
[EventRounds "9"]
[EventCountry "CAN"]
[SourceTitle "EXT 2022"]
[Source "ChessBase"]
[SourceDate "2021.10.06"]
[SourceVersion "1"]
[SourceVersionDate "2021.10.06"]
[SourceQuality "1"]

1. d4 d5 2. Bg5 Nf6 3. e3 c5 4. c3 e6 5. f4 h6 6. Bh4 Nc6 7. Nf3 Be7 8. Bd3 Qb6 9. Qc1 Bd7 10. O-O O-O 11. Ne5 cxd4 12. Bxf6 Nxe5 13. Bxe5 dxe3 14. Bd4 Bc5 15. Bxc5 Qxc5 16. Re1 Rac8 17. Qxe3 Qxe3+ 18. Rxe3 Rfe8 19. Nd2 a6 20. Nf3 Rc7 21. Rae1 Rec8 22. Ne5 b5 23. Nxd7 Rxd7 24. f5 Re8 25. fxe6 Rxe6 26. Rxe6 fxe6 27. Rxe6 Rd8 28. Rxa6 d4 29. cxd4 Rxd4 30. Bxb5 Rb4 31. Rb6 Rd4 32. a4 Rd1+ 33. Bf1 Ra1 34. Rb4 g5 35. Kf2 Kg7 36. Bb5 h5 37. Rb3 Ra2 38. Ke3 g4 39. h3 gxh3 40. gxh3 Ra1 41. Ra3 Rh1 42. Kd4 Rd1+ 43. Kc5 Rb1 44. b4 Rc1+ 45. Bc4 1-0

[Event "Quebec op U2000"]
[Site "Montreal CAN"]
[Date "2012.07.27"]
[Round "8"]
[White "Nikulich, Oleksandr"]
[Black "Robichaud, Nicolas"]
[Result "1-0"]
[WhiteElo "1836"]
[BlackElo "1145"]
[PlyCount "123"]
[GameId "2160767909442422"]
[EventDate "2012.07.21"]
[EventType "swiss"]
[EventRounds "9"]
[EventCountry "CAN"]
[SourceTitle "EXT 2022"]
[Source "ChessBase"]
[SourceDate "2021.10.06"]
[SourceVersion "1"]
[SourceVersionDate "2021.10.06"]
[SourceQuality "1"]

1. Nf3 c5 2. c4 Nf6 3. d4 d5 4. cxd5 e6 5. Nc3 exd5 6. g3 Nc6 7. Bg2 cxd4 8. Nxd4 Bb4 9. O-O Bxc3 10. bxc3 O-O 11. Bg5 h6 12. Bxf6 Qxf6 13. Nxc6 bxc6 14. Qd4 Qe7 15. e3 Ba6 16. Rfd1 Rab8 17. Rd2 Rb6 18. Qa4 Rfb8 19. Bf1 Bc8 20. Rad1 Bf5 21. Rd4 Qc5 22. Rf4 Bg6 23. c4 Rb4 24. Qa6 Bc2 25. Rd2 Ra4 26. Qxa4 Bxa4 27. cxd5 cxd5 28. Rxa4 Rb4 29. Rxb4 Qxb4 30. Rxd5 a5 31. Rd4 Qa3 32. Bc4 a4 33. Rd8+ Kh7 34. Bxf7 Qe7 35. Bg8+ Kg6 36. Rd4 Qa3 37. h4 Kf6 38. Rf4+ Ke5 39. Bc4 g5 40. Rd4 gxh4 41. Rxh4 Kf5 42. Bb5 Qc1+ 43. Kg2 a3 44. Bc4 Kg5 45. Bb3 Qc6+ 46. Kh2 Qf6 47. Rf4 Qb2 48. Kg2 Qc1 49. Rc4 Qd2 50. Ra4 Qd6 51. Ra5+ Kf6 52. e4 Qe7 53. e5+ Kg7 54. e6 Qb7+ 55. Rd5 Kf6 56. Kg1 Qe7 57. Rd7 Qe8 58. Rf7+ Ke5 59. e7 Kd6 60. Rf6+ Ke5 61. Re6+ Kf5 62. Ba4 1-0

[Event "Quebec op U2000"]
[Site "Montreal CAN"]
[Date "2012.07.27"]
[Round "8"]
[White "Sharpe, Michael"]
[Black "Brunet, Guy"]
[Result "1/2-1/2"]
[WhiteElo "1491"]
[BlackElo "1566"]
[PlyCount "87"]
[GameId "2160767909442423"]
[EventDate "2012.07.21"]
[EventType "swiss"]
[EventRounds "9"]
[EventCountry "CAN"]
[SourceTitle "EXT 2022"]
[Source "ChessBase"]
[SourceDate "2021.10.06"]
[SourceVersion "1"]
[SourceVersionDate "2021.10.06"]
[SourceQuality "1"]

1. e4 d5 2. exd5 Qxd5 3. Nc3 Qd8 4. d4 Nf6 5. Nf3 Bf5 6. Be2 e6 7. a3 Be7 8. O-O O-O 9. Bg5 c6 10. Qd2 Nbd7 11. Rfd1 Ne4 12. Nxe4 Bxe4 13. Bf4 Bxf3 14. Bxf3 Nf6 15. c4 Bd6 16. Rac1 Bxf4 17. Qxf4 Qb6 18. b4 Rac8 19. Rc3 Rfd8 20. Be2 Qc7 21. Qh4 Rd7 22. Rg3 Kf8 23. Rgd3 Rcd8 24. f3 e5 25. Qg3 exd4 26. Qxc7 Rxc7 27. Rxd4 Rcd7 28. Rxd7 Rxd7 29. Rxd7 Nxd7 30. Kf2 Ke7 31. Ke3 Kd6 32. h4 c5 33. g4 h6 34. b5 b6 35. Bf1 g5 36. hxg5 hxg5 37. Kd3 Ke5 38. Ke3 Nf8 39. Bd3 Ne6 40. Be4 Nf4 41. Bc6 Ng2+ 42. Kf2 Nf4 43. Ke3 Ng2+ 44. Kf2 1/2-1/2

[Event "Quebec op U2000"]
[Site "Montreal CAN"]
[Date "2012.07.27"]
[Round "8"]
[White "Villeneuve, Benoit"]
[Black "Zhang, John"]
[Result "1-0"]
[WhiteElo "1740"]
[BlackElo "1725"]
[PlyCount "137"]
[GameId "2160767909442424"]
[EventDate "2012.07.21"]
[EventType "swiss"]
[EventRounds "9"]
[EventCountry "CAN"]
[SourceTitle "EXT 2022"]
[Source "ChessBase"]
[SourceDate "2021.10.06"]
[SourceVersion "1"]
[SourceVersionDate "2021.10.06"]
[SourceQuality "1"]

1. e4 e5 2. Nf3 Nc6 3. Bb5 a6 4. Ba4 Nf6 5. O-O Be7 6. Bxc6 dxc6 7. Re1 Bg4 8. h3 Bxf3 9. Qxf3 Qd7 10. Qg3 Qe6 11. d4 Bd6 12. Qc3 O-O-O 13. Qa5 h5 14. Bg5 Rd7 15. Nd2 Nh7 16. Be3 g5 17. c3 g4 18. h4 f5 19. exf5 Qxf5 20. Nc4 Re8 21. dxe5 Be7 22. g3 Rg8 23. Bf4 Rd5 24. Ne3 Rxa5 25. Nxf5 Bd8 26. Nd4 Nf8 27. b4 Rd5 28. Rad1 Be7 29. Nf5 Ng6 30. Rxd5 cxd5 31. Nxe7+ Nxe7 32. Bg5 Kd7 33. e6+ Kd6 34. Bxe7+ Kxe7 35. Re5 Rg6 36. Rxd5 Rxe6 37. Rxh5 Re2 38. a4 Ra2 39. a5 Rc2 40. Rc5 c6 41. Rc4 Kf6 42. Rxg4 Rxc3 43. Kg2 c5 44. bxc5 Rxc5 45. Ra4 Kf5 46. g4+ Kg6 47. Kg3 Rc1 48. Rd4 Ra1 49. Rd6+ Kg7 50. Rd5 Kh6 51. Kf4 Ra4+ 52. Kf5 Ra2 53. f4 Rh2 54. h5 Rb2 55. Rd6+ Kg7 56. Rd7+ Kg8 57. Kg6 Kf8 58. h6 Rh2 59. Rxb7 Rh4 60. Kg5 Rh3 61. h7 Rh2 62. Kf6 Rh6+ 63. Kg5 Rh3 64. f5 Rh2 65. Kg6 Rh4 66. Rb8+ Ke7 67. h8=Q Rxg4+ 68. Kh5 Rg2 69. Qe5+ 1-0

[Event "Quebec op U2000"]
[Site "Montreal CAN"]
[Date "2012.07.28"]
[Round "9"]
[White "Jureidini, Gabriel"]
[Black "Langlois-Remillard, Alexis"]
[Result "0-1"]
[WhiteElo "1725"]
[BlackElo "1785"]
[PlyCount "54"]
[GameId "2160767909442425"]
[EventDate "2012.07.21"]
[EventType "swiss"]
[EventRounds "9"]
[EventCountry "CAN"]
[SourceTitle "EXT 2022"]
[Source "ChessBase"]
[SourceDate "2021.10.06"]
[SourceVersion "1"]
[SourceVersionDate "2021.10.06"]
[SourceQuality "1"]

1. e4 Nc6 2. d4 d5 3. e5 Bf5 4. Bb5 e6 5. Ne2 a6 6. Ba4 b5 7. Bb3 Nce7 8. Bg5 f6 9. exf6 gxf6 10. Bh4 Ng6 11. Bg3 c5 12. dxc5 Bxc5 13. Nd4 N8e7 14. O-O Qb6 15. Nf3 Rd8 16. Qe2 h5 17. h3 h4 18. Bh2 e5 19. Nc3 Qe6 20. Rad1 Bxh3 21. Ng5 fxg5 22. gxh3 Qxh3 23. Bxe5 Nf4 24. Bxf4 gxf4 25. Bxd5 Rxd5 26. Ne4 Rg8+ 27. Ng3 Rxg3# 0-1

[Event "Quebec op U2000"]
[Site "Montreal CAN"]
[Date "2012.07.28"]
[Round "9"]
[White "Libersan, Mattieu"]
[Black "Alcantara, Maximo jr"]
[Result "0-1"]
[WhiteElo "1885"]
[BlackElo "1882"]
[PlyCount "146"]
[GameId "2160767909442426"]
[EventDate "2012.07.21"]
[EventType "swiss"]
[EventRounds "9"]
[EventCountry "CAN"]
[SourceTitle "EXT 2022"]
[Source "ChessBase"]
[SourceDate "2021.10.06"]
[SourceVersion "1"]
[SourceVersionDate "2021.10.06"]
[SourceQuality "1"]

1. e4 Nf6 2. e5 Nd5 3. d4 d6 4. c4 Nb6 5. exd6 exd6 6. Nf3 Bg4 7. Be2 Be7 8. O-O O-O 9. Nc3 Nc6 10. b3 Bf6 11. Be3 Ne7 12. Qd2 c6 13. Rac1 d5 14. c5 Nd7 15. b4 b5 16. h3 Be6 17. Bf4 Ng6 18. Bg3 a5 19. a3 a4 20. Rfd1 Re8 21. Nxb5 cxb5 22. c6 Nb6 23. Bxb5 Qc8 24. Qc2 Be7 25. c7 Bd7 26. Bxd7 Qxd7 27. Qc6 Qxc6 28. Rxc6 Nc8 29. b5 Ra7 30. Rb1 Bxa3 31. b6 Rb7 32. Ra1 Bf8 33. Rxa4 Rxb6 34. Rxb6 Nxb6 35. Ra6 Na8 36. Ra7 f5 37. Rb7 f4 38. Bh4 Nxh4 39. Nxh4 Bd6 40. Nf5 Bxc7 41. Kf1 g6 42. Nh6+ Kf8 43. Ng4 Re6 44. Ra7 Re8 45. Nf6 Rd8 46. Nxh7+ Kg7 47. Ng5 Kf6 48. h4 Rh8 49. g3 fxg3 50. fxg3 Kf5 51. Kg2 Kg4 52. Nf7 Rf8 53. Ne5+ Bxe5 54. dxe5 Re8 55. Kf2 Kf5 56. Ra6 Rf8 57. Ke3 Nc7 58. Ra7 Ne6 59. Ra1 Kxe5 60. Ra5 Nd4 61. Ra6 Rf3+ 62. Kd2 Rxg3 63. Rb6 Nf5 64. Rb4 Rh3 65. Rg4 Nxh4 66. Rg5+ Kd6 67. Ke2 Kc5 68. Kd1 Kc4 69. Kc2 d4 70. Rg4 Rh2+ 71. Kd1 Kc3 72. Rg3+ d3 73. Ke1 Kc2 0-1

[Event "Quebec-ch A U20 Pepsico"]
[Site "Montreal CAN"]
[Date "2012.02.10"]
[Round "1"]
[White "Amarouche, Hakim"]
[Black "Zhu, Hong Rui"]
[Result "0-1"]
[WhiteElo "1549"]
[BlackElo "2103"]
[PlyCount "66"]
[GameId "2160767909576640"]
[EventDate "2012.02.10"]
[EventType "swiss"]
[EventRounds "5"]
[EventCountry "CAN"]
[SourceTitle "hb 2012"]

1. d4 d5 2. Bf4 Nf6 3. e3 e6 4. Nf3 c5 5. dxc5 Bxc5 6. Nc3 Nc6 7. Bd3 O-O 8. O-O h6 9. Nb5 Bb6 10. Nd6 Bc7 11. Nxc8 e5 12. Nxe5 Bxe5 13. Bxe5 Nxe5 14. Bf5 Rxc8 15. Bxc8 Qxc8 16. Rc1 Rd8 17. b3 b5 18. Rb1 Qc7 19. h3 Rc8 20. Rc1 b4 21. Qd4 a5 22. f4 Ned7 23. c4 bxc3 24. Rxc3 Qxc3 25. Rd1 Qxd4 26. Rxd4 Nb6 27. a4 Rc1+ 28. Kh2 Rb1 29. Rd3 Ne4 30. h4 h5 31. g3 Rb2+ 32. Kg1 Nxg3 33. Rc3 Ne2+ 0-1

[Event "Quebec-ch A U20 Pepsico"]
[Site "Montreal CAN"]
[Date "2012.02.10"]
[Round "1"]
[White "Chang, Michael"]
[Black "Kovalyov, Anton"]
[Result "0-1"]
[WhiteElo "1806"]
[BlackElo "2595"]
[PlyCount "60"]
[GameId "2160767909576641"]
[EventDate "2012.02.10"]
[EventType "swiss"]
[EventRounds "5"]
[EventCountry "CAN"]
[SourceTitle "hb 2012"]

1. e4 c5 2. Nf3 d6 3. d4 cxd4 4. Nxd4 Nf6 5. Nc3 a6 6. Bg5 Nbd7 7. Be2 Qc7 8. O-O e6 9. Kh1 b5 10. a3 Bb7 11. Bxf6 Nxf6 12. Bf3 Be7 13. Re1 Nd7 14. Be2 O-O 15. f4 Rfd8 16. Bf1 Nb6 17. Qg4 Bf6 18. e5 dxe5 19. fxe5 Be7 20. Bd3 Bc5 21. Nxe6 fxe6 22. Qxe6+ Kh8 23. Qh3 g6 24. e6 Kg7 25. Ne4 Be7 26. Rf1 Rf8 27. Rf7+ Rxf7 28. exf7 Rf8 29. Rf1 Qe5 30. Ng3 Bc8 0-1

[Event "Quebec-ch A U20 Pepsico"]
[Site "Montreal CAN"]
[Date "2012.02.10"]
[Round "1"]
[White "Chiku-Ratte, Olivier-Kenta"]
[Black "Isaev, Nikolay"]
[Result "1/2-1/2"]
[WhiteElo "2122"]
[BlackElo "1680"]
[PlyCount "102"]
[GameId "2160767909576642"]
[EventDate "2012.02.10"]
[EventType "swiss"]
[EventRounds "5"]
[EventCountry "CAN"]
[SourceTitle "EXT 2022"]
[Source "ChessBase"]
[SourceDate "2021.10.06"]
[SourceVersion "1"]
[SourceVersionDate "2021.10.06"]
[SourceQuality "1"]

1. d4 Nf6 2. c4 c5 3. d5 e6 4. Nc3 exd5 5. cxd5 d6 6. e4 g6 7. f4 Bg7 8. Nf3 O-O 9. Be2 a6 10. a4 Nh5 11. O-O Bg4 12. Be3 Re8 13. Qc2 Nd7 14. h3 Bxf3 15. Bxf3 Ng3 16. Rfe1 Bd4 17. Kh2 Bxe3 18. Rxe3 Nf5 19. Ree1 Nd4 20. Qd3 Rc8 21. Rad1 Qf6 22. Qd2 Nb6 23. Bg4 Rc7 24. e5 dxe5 25. fxe5 Rxe5 26. Ne4 Rxe4 27. Rxe4 Qd6+ 28. Qf4 Qxf4+ 29. Rxf4 Nxd5 30. Rf2 Ne3 31. Re1 Re7 32. Kg1 Kf8 33. Bf3 b5 34. axb5 axb5 35. Ra1 Nxf3+ 36. Rxf3 Nc4 37. Rf2 Kg7 38. Rc1 Re5 39. Rfc2 Re3 40. Rc3 Re2 41. b3 Ne3 42. Rxc5 Rxg2+ 43. Kh1 Rb2 44. Rxb5 f5 45. Rb7+ Kh6 46. h4 f4 47. Rf7 Rxb3 48. Rxf4 Nf5 49. Rc6 Kh5 50. Rc5 Rh3+ 51. Kg2 Rxh4 1/2-1/2

[Event "Quebec-ch A U20 Pepsico"]
[Site "Montreal CAN"]
[Date "2012.02.10"]
[Round "1"]
[White "Cote-Lalumiere, Tristan"]
[Black "Leung, Chin"]
[Result "1-0"]
[WhiteElo "1958"]
[BlackElo "1489"]
[PlyCount "63"]
[GameId "2160767909576643"]
[EventDate "2012.02.10"]
[EventType "swiss"]
[EventRounds "5"]
[EventCountry "CAN"]
[SourceTitle "hb 2012"]

1. e4 c5 2. Nf3 d6 3. Nc3 Nc6 4. d4 cxd4 5. Nxd4 Nf6 6. Be3 g6 7. f3 Bg7 8. Qd2 O-O 9. Bc4 Bd7 10. O-O-O Rb8 11. g4 b5 12. Be2 Ne5 13. Bh6 Nc4 14. Qg5 b4 15. Nb1 Ne5 16. h4 Qa5 17. h5 Rfc8 18. hxg6 fxg6 19. f4 Nxe4 20. Qh4 Nf7 21. Bxg7 Kxg7 22. Qxh7+ Kf8 23. Qxg6 Nf6 24. g5 Rxc2+ 25. Kxc2 Rc8+ 26. Kd3 Nd5 27. Ke4 Nxf4 28. Kxf4 e5+ 29. Kg3 exd4 30. Rh8+ Nxh8 31. Rf1+ Ke7 32. Qf6+ 1-0

[Event "Quebec-ch A U20 Pepsico"]
[Site "Montreal CAN"]
[Date "2012.02.10"]
[Round "1"]
[White "Jiang, Louie"]
[Black "Sprumont, Oscar"]
[Result "1-0"]
[WhiteElo "2363"]
[BlackElo "1798"]
[PlyCount "117"]
[GameId "2160767909576644"]
[EventDate "2012.02.10"]
[EventType "swiss"]
[EventRounds "5"]
[EventCountry "CAN"]
[SourceTitle "hb 2012"]

1. e4 e5 2. Nf3 Nc6 3. Bc4 Bc5 4. O-O d6 5. h3 Nf6 6. d3 O-O 7. c3 a6 8. a4 Nd7 9. Be3 Ba7 10. Nbd2 a5 11. Bb3 Nc5 12. Bc2 Kh8 13. d4 Nd7 14. Bb3 Qe8 15. Re1 Nb6 16. Nh4 f5 17. exf5 Bxf5 18. Nxf5 Rxf5 19. Bc2 Rf8 20. Qg4 Nd7 21. Ne4 Ne7 22. Ng5 Nf6 23. Qh4 Ng6 24. Bxg6 Qxg6 25. dxe5 Bxe3 26. Rxe3 Nd5 27. Re4 Rf5 28. Nf3 Rxf3 29. Rg4 Rf4 30. Rxf4 Nxf4 31. Qxf4 dxe5 32. Qxe5 Qc2 33. Re1 h6 34. Qb5 Rf8 35. Qc5 Rf5 36. Qd4 Qxb2 37. Re8+ Kh7 38. g4 Qb1+ 39. Kg2 Rf7 40. Qd5 Qg6 41. Re6 Rf6 42. Re7 Qc2 43. Qd4 Rg6 44. Rxc7 b6 45. Re7 Qb1 46. h4 h5 47. g5 Qf5 48. Re5 Qg4+ 49. Qxg4 hxg4 50. Kg3 Rc6 51. Kxg4 Rc4+ 52. f4 Rxa4 53. h5 Kg8 54. Rb5 Rc4 55. Rxb6 Rxc3 56. g6 Kf8 57. Rb8+ Ke7 58. Rb7+ Kf6 59. Rf7+ 1-0

[Event "Quebec-ch A U20 Pepsico"]
[Site "Montreal CAN"]
[Date "2012.02.10"]
[Round "1"]
[White "Nikulich, Oleksandr"]
[Black "Kraiouchkine, Nikita"]
[Result "0-1"]
[WhiteElo "1774"]
[BlackElo "2339"]
[PlyCount "62"]
[GameId "2160767909576645"]
[EventDate "2012.02.10"]
[EventType "swiss"]
[EventRounds "5"]
[EventCountry "CAN"]
[SourceTitle "hb 2012"]

1. Nf3 Nf6 2. c4 g6 3. b3 Bg7 4. Bb2 O-O 5. e3 d5 6. Be2 c5 7. Qc2 b6 8. O-O Bb7 9. d4 cxd4 10. exd4 Nc6 11. Nbd2 Rc8 12. Rad1 Qc7 13. Qb1 Rfd8 14. Qa1 Qf4 15. a3 e6 16. c5 Ne4 17. cxb6 axb6 18. Rfe1 Ne7 19. Bd3 Nf5 20. g3 Qg4 21. Bf1 Nxd2 22. Nxd2 Bxd4 23. Rc1 Nxg3 24. hxg3 Qxg3+ 25. Kh1 Qh4+ 26. Kg2 Qxf2+ 27. Kh3 Qf5+ 28. Kh2 Qf4+ 29. Kh3 Qh6+ 30. Kg2 Qxd2+ 31. Re2 Qg5+ 0-1

[Event "Quebec-ch A U20 Pepsico"]
[Site "Montreal CAN"]
[Date "2012.02.10"]
[Round "1"]
[White "Samikov, Chingis"]
[Black "Yun, Chang"]
[Result "0-1"]
[WhiteElo "1417"]
[BlackElo "1958"]
[PlyCount "117"]
[GameId "2160767909576646"]
[EventDate "2012.02.10"]
[EventType "swiss"]
[EventRounds "5"]
[EventCountry "CAN"]
[SourceTitle "hb 2012"]

1. d4 d5 2. c4 e6 3. Nc3 Be7 4. cxd5 exd5 5. Bf4 c6 6. e3 Nf6 7. Bd3 O-O 8. Nf3 Re8 9. O-O Nbd7 10. Qc2 Nf8 11. Rab1 Ng6 12. Bg5 Bd6 13. b4 Bg4 14. Na4 Bxf3 15. gxf3 h6 16. Bxg6 hxg5 17. Bf5 g6 18. Bd3 Kg7 19. Kg2 Rh8 20. h3 Rxh3 21. Rh1 Rxh1 22. Rxh1 Bxb4 23. Rb1 Qe7 24. Qb3 a5 25. a3 Bxa3 26. Qxb7 Qxb7 27. Rxb7 Bd6 28. Rb6 Rc8 29. Ra6 Bb4 30. Ra7 Ne8 31. Ba6 Rd8 32. Rb7 Ra8 33. Rb6 Nc7 34. Bb7 Rb8 35. Bxc6 Rxb6 36. Nxb6 Kf6 37. Nxd5+ Nxd5 38. Bxd5 a4 39. Kg3 Bd6+ 40. Kg4 Bb4 41. Kg3 Ke7 42. f4 Bd6 43. Kg4 gxf4 44. e4 Bc7 45. Bc4 f6 46. e5 fxe5 47. dxe5 Bxe5 48. Kg5 Kd6 49. Kxg6 Kc5 50. Bg8 Kd4 51. Kf5 Bb8 52. Kg4 Kc3 53. Kf3 Kb2 54. Ke2 a3 55. Kd2 a2 56. Bxa2 Kxa2 57. Kc1 Ba7 58. f3 Be3+ 59. Kc2 0-1

[Event "Quebec-ch A U20 Pepsico"]
[Site "Montreal CAN"]
[Date "2012.02.10"]
[Round "1"]
[White "Yu, Zong Yang"]
[Black "Luo, Alan"]
[Result "1-0"]
[WhiteElo "1911"]
[BlackElo "1214"]
[PlyCount "122"]
[GameId "2160767909576647"]
[EventDate "2012.02.10"]
[EventType "swiss"]
[EventRounds "5"]
[EventCountry "CAN"]
[SourceTitle "hb 2012"]

1. d4 d5 2. c4 e6 3. Nc3 Be7 4. cxd5 exd5 5. Bf4 Nf6 6. Qc2 O-O 7. e3 c6 8. Bd3 Re8 9. h3 Be6 10. Nf3 Bd6 11. Bxd6 Qxd6 12. O-O Nbd7 13. Rab1 Rac8 14. b4 Nb6 15. a4 Nc4 16. Qb3 b5 17. axb5 cxb5 18. Nxb5 Qb8 19. Nc3 Ne4 20. Bxc4 Rxc4 21. Na4 Qc8 22. Nc5 Bf5 23. Rbc1 Bxh3 24. gxh3 Qxh3 25. Nh2 Nd2 26. Qd3 Nxf1 27. Qxf1 Qxf1+ 28. Rxf1 Rxb4 29. Ra1 Re7 30. Ra5 Rb6 31. Nf1 Rc7 32. Ng3 h6 33. Ne2 h5 34. Nf4 Rd6 35. Nxh5 Kh7 36. Nf4 g5 37. Nfd3 Rb6 38. Kg2 Kh6 39. Ra4 Kh5 40. Nb4 Rd6 41. Ra5 Kh4 42. Ncd3 f6 43. Nxd5 Rb7 44. N5b4 Rdb6 45. Na6 Rb5 46. Ra4 g4 47. Nac5 Rg7 48. Ra1 g3 49. Rh1+ Kg4 50. f3+ Kf5 51. e4+ Kg6 52. Kxg3 Kf7+ 53. Kf2 Ra5 54. Rb1 Rh7 55. Ke3 Ra3 56. Rb7+ Kg6 57. Rxh7 Kxh7 58. d5 Kg7 59. d6 Kf7 60. Kd4 a5 61. Kd5 Ra1 1-0

[Event "Quebec-ch A U20 Pepsico"]
[Site "Montreal CAN"]
[Date "2012.02.11"]
[Round "2"]
[White "Isaev, Nikolay"]
[Black "Luo, Zhao Yang"]
[Result "1/2-1/2"]
[WhiteElo "1680"]
[BlackElo "2087"]
[PlyCount "71"]
[GameId "2160767909576648"]
[EventDate "2012.02.10"]
[EventType "swiss"]
[EventRounds "5"]
[EventCountry "CAN"]
[SourceTitle "EXT 2022"]
[Source "ChessBase"]
[SourceDate "2021.10.06"]
[SourceVersion "1"]
[SourceVersionDate "2021.10.06"]
[SourceQuality "1"]

1. d4 Nf6 2. Nc3 d6 3. e4 Bg4 4. f3 Bh5 5. Be3 Nbd7 6. Nge2 e5 7. d5 a5 8. Nb5 Be7 9. c4 O-O 10. Qd2 Nc5 11. Bxc5 dxc5 12. Ng3 Bg6 13. Bd3 Ne8 14. O-O Nd6 15. f4 exf4 16. Qxf4 Bg5 17. Qf3 Nxb5 18. cxb5 Re8 19. Nf5 Bf6 20. Rab1 Be5 21. Qg4 c6 22. Bc4 Qc7 23. d6 Bxd6 24. Bxf7+ Qxf7 25. Nxd6 Qe6 26. Qxe6+ Rxe6 27. Nxb7 cxb5 28. Nxc5 Re5 29. Rbc1 Bxe4 30. Nxe4 Rxe4 31. Rc7 Rf8 32. Rxf8+ Kxf8 33. Rb7 b4 34. Kf2 Rc4 35. Rb5 Rc2+ 36. Kf3 1/2-1/2

[Event "Quebec-ch A U20 Pepsico"]
[Site "Montreal CAN"]
[Date "2012.02.11"]
[Round "2"]
[White "Kovalyov, Anton"]
[Black "Cote-Lalumiere, Tristan"]
[Result "1-0"]
[WhiteElo "2595"]
[BlackElo "1958"]
[PlyCount "93"]
[GameId "2160767909576649"]
[EventDate "2012.02.10"]
[EventType "swiss"]
[EventRounds "5"]
[EventCountry "CAN"]
[SourceTitle "hb 2012"]

1. c4 b5 2. cxb5 a6 3. bxa6 Bxa6 4. Nf3 g6 5. g3 c5 6. Bg2 d5 7. Nc3 e6 8. d4 cxd4 9. Qxd4 Nf6 10. Bg5 Bg7 11. Ne5 h6 12. Qa4+ Nbd7 13. Nxd7 Qxd7 14. Be3 O-O 15. Bd4 Qc7 16. f4 Bxe2 17. Be5 Qb6 18. Qd4 Qxd4 19. Bxd4 Ba6 20. O-O-O Rfc8 21. Kb1 Rab8 22. Be5 Rb7 23. Bf3 h5 24. h3 Ng4 25. Bxg7 Kxg7 26. Nxd5 Nf2 27. Nc3 Nxd1 28. Rxd1 Rb4 29. Ne4 Be2 30. Bxe2 Rxe4 31. Ba6 Rb8 32. h4 Rb6 33. Bd3 Re3 34. a4 Rd6 35. Kc2 Rxg3 36. a5 Rg4 37. b4 Rxf4 38. b5 Rxh4 39. Be2 Rxd1 40. Kxd1 Kf6 41. a6 Ra4 42. b6 Ra1+ 43. Kd2 Ra2+ 44. Ke3 Ke7 45. b7 Rb2 46. Bf3 Kd7 47. a7 1-0

[Event "Quebec-ch A U20 Pepsico"]
[Site "Montreal CAN"]
[Date "2012.02.11"]
[Round "2"]
[White "Kraiouchkine, Nikita"]
[Black "Yu, Zong Yang"]
[Result "1-0"]
[WhiteElo "2339"]
[BlackElo "1911"]
[PlyCount "69"]
[GameId "2160767909576650"]
[EventDate "2012.02.10"]
[EventType "swiss"]
[EventRounds "5"]
[EventCountry "CAN"]
[SourceTitle "hb 2012"]

1. Nf3 Nf6 2. g3 g6 3. Bg2 Bg7 4. O-O d6 5. d4 O-O 6. Nbd2 Nc6 7. e4 e5 8. c3 Bg4 9. Qa4 Qd7 10. Qc4 Rfe8 11. Re1 Bh6 12. Qd3 Rad8 13. Nc4 Bxc1 14. Raxc1 Kg7 15. Nfd2 Bh3 16. Bh1 h5 17. f3 exd4 18. cxd4 d5 19. exd5 Qxd5 20. Rxe8 Rxe8 21. Nb3 Bf5 22. Qd2 Qe6 23. Kf2 Rd8 24. Ne3 Nd5 25. Nxd5 Qxd5 26. f4 Be4 27. Rc5 Bxh1 28. Rxd5 Bxd5 29. Na5 a6 30. Nxb7 Rb8 31. Nc5 Rb4 32. Nxa6 Rxd4 33. Qc3 Kg8 34. Nxc7 Be4 35. Ne8 1-0

[Event "Quebec-ch A U20 Pepsico"]
[Site "Montreal CAN"]
[Date "2012.02.11"]
[Round "2"]
[White "Leung, Chin"]
[Black "Chang, Michael"]
[Result "1-0"]
[WhiteElo "1489"]
[BlackElo "1806"]
[PlyCount "71"]
[GameId "2160767909576651"]
[EventDate "2012.02.10"]
[EventType "swiss"]
[EventRounds "5"]
[EventCountry "CAN"]
[SourceTitle "hb 2012"]

1. e4 c6 2. d4 d5 3. exd5 cxd5 4. Nf3 Nf6 5. Bb5+ Bd7 6. a4 e6 7. Bf4 Be7 8. O-O O-O 9. c4 dxc4 10. Bxc4 Bc6 11. Ne5 Qb6 12. Qd2 Bd5 13. a5 Qd8 14. Bd3 Nc6 15. Nxc6 Bxc6 16. Nc3 Bb4 17. a6 b6 18. Be5 Ng4 19. Qc2 h6 20. Rad1 Nxe5 21. dxe5 Qg5 22. Ne4 Bxe4 23. Bxe4 Rac8 24. Qb3 Bc5 25. Qg3 Qe7 26. Rd3 Rfd8 27. Rfd1 Bd4 28. Bb7 Rc2 29. Kh1 Rxb2 30. h3 Qc5 31. Qh4 g5 32. Qxh6 Qxe5 33. Be4 Rxf2 34. Bh7+ Kh8 35. Bf5+ Kg8 36. Qxg5+ 1-0

[Event "Quebec-ch A U20 Pepsico"]
[Site "Montreal CAN"]
[Date "2012.02.11"]
[Round "2"]
[White "Samikov, Chingis"]
[Black "Nikulich, Oleksandr"]
[Result "0-1"]
[WhiteElo "1417"]
[BlackElo "1774"]
[PlyCount "110"]
[GameId "2160767909576652"]
[EventDate "2012.02.10"]
[EventType "swiss"]
[EventRounds "5"]
[EventCountry "CAN"]
[SourceTitle "hb 2012"]

1. e4 e5 2. Nf3 Nc6 3. Bb5 a6 4. Ba4 Nf6 5. O-O Be7 6. Re1 b5 7. Bb3 d6 8. c3 O-O 9. h3 Nb8 10. d4 Nbd7 11. Nbd2 Bb7 12. Bc2 c6 13. Nf1 Qc7 14. Ng3 Rfe8 15. b3 Bf8 16. Bb2 Nb6 17. dxe5 dxe5 18. Qe2 a5 19. Nd2 Red8 20. Rac1 a4 21. b4 Rxd2 22. Qxd2 Nc4 23. Qe2 Nxb2 24. Rb1 Nc4 25. Bd3 Nd6 26. a3 Ba6 27. Rbc1 Nd7 28. Nf1 Nb6 29. Ne3 g6 30. c4 bxc4 31. Nxc4 Bxc4 32. Bxc4 Ndxc4 33. Rxc4 Nxc4 34. Qxc4 Rd8 35. Rc1 Qb6 36. Qxc6 Qxc6 37. Rxc6 Rd3 38. Ra6 Rxa3 39. b5 Ra1+ 40. Kh2 a3 41. b6 Rb1 42. Kg3 Bc5 43. Ra8+ Kg7 44. f4 exf4+ 45. Kxf4 Bxb6 46. Rxa3 Rf1+ 47. Rf3 Bc7+ 48. Ke3 Rxf3+ 49. gxf3 g5 50. Kd4 Kf6 51. Kd5 Bg3 52. Kd4 Ke6 53. Ke3 Ke5 54. Kd2 Kf4 55. Ke2 f6 0-1

[Event "Quebec-ch A U20 Pepsico"]
[Site "Montreal CAN"]
[Date "2012.02.11"]
[Round "2"]
[White "Sprumont, Oscar"]
[Black "Amarouche, Hakim"]
[Result "1-0"]
[WhiteElo "1798"]
[BlackElo "1549"]
[PlyCount "60"]
[GameId "2160767909576653"]
[EventDate "2012.02.10"]
[EventType "swiss"]
[EventRounds "5"]
[EventCountry "CAN"]
[SourceTitle "hb 2012"]

1. e4 e5 2. Nf3 Nc6 3. Bc4 Nf6 4. Ng5 d5 5. exd5 Nxd5 6. Nxf7 Kxf7 7. Qf3+ Qf6 8. Bxd5+ Be6 9. Bxc6 bxc6 10. Qxc6 Bd6 11. O-O Qg6 12. d3 Bf5 13. Nc3 Rhf8 14. f4 Rae8 15. fxe5 Bxe5 16. Qxg6+ hxg6 17. g4 Rh8 18. gxf5 gxf5 19. Bf4 Bxf4 20. Rxf4 g6 21. Rc4 Rc8 22. Nb5 Kf6 23. Nxc7 Rb8 24. b3 g5 25. Re1 f4 26. Nd5+ Kf5 27. Ne7+ Kg4 28. Re5 Rh3 29. Rcc5 Re3 30. Rxe3 fxe3 1-0

[Event "Quebec-ch A U20 Pepsico"]
[Site "Montreal CAN"]
[Date "2012.02.11"]
[Round "2"]
[White "Yun, Chang"]
[Black "Chiku-Ratte, Olivier-Kenta"]
[Result "1/2-1/2"]
[WhiteElo "1958"]
[BlackElo "2122"]
[PlyCount "58"]
[GameId "2160767909576654"]
[EventDate "2012.02.10"]
[EventType "swiss"]
[EventRounds "5"]
[EventCountry "CAN"]
[SourceTitle "hb 2012"]

1. e4 c5 2. Nf3 d6 3. d4 cxd4 4. Nxd4 Nf6 5. Nc3 g6 6. Be3 Bg7 7. f3 Nc6 8. Qd2 O-O 9. O-O-O d5 10. Kb1 Nxd4 11. e5 Nf5 12. exf6 exf6 13. Bc5 d4 14. Bxf8 Qxf8 15. Nb5 Ne3 16. Re1 f5 17. f4 Qc5 18. c3 Nxf1 19. Re8+ Bf8 20. Qxd4 Qxb5 21. Qd8 Nd2+ 22. Kc2 Qa4+ 23. Kc1 Qxe8 24. Qxe8 Ne4 25. Rd1 Nf6 26. Qe5 Nd7 27. Qe8 Nf6 28. Qe5 Nd7 29. Qe8 Nf6 1/2-1/2